000 00561nam a2200217Ia 4500
003 OSt
005 20220928145103.0
006 a|||||r|||| 00| 0
007 ta
008 220927b |||||||| |||| 00| 0 eng d
024 _a78632
037 _cTextual
040 _aSDCL
_cSDCL
_beng
041 _2eng
_aeng
082 _aAk1,N8, M6 RR
100 _aChhotey Lal
_9511540
245 0 _aInformation sources in science and technology.
260 _c1986
942 _hAk1,N8, M6 RR
_cTEXL
_2CC
999 _c831837
_d831837